Suvarnasparsha. (Record no. 101461)

MARC details
000 -LEADER
fixed length control field 00581nam a2200205Ia 4500
003 - CONTROL NUMBER IDENTIFIER
control field OSt
005 - DATE AND TIME OF LATEST TRANSACTION
control field 20260602094231.0
008 - FIXED-LENGTH DATA ELEMENTS--GENERAL INFORMATION
fixed length control field 210210b1998 xxu||||| |||| 00| 0 eng d
040 ## - CATALOGING SOURCE
Transcribing agency AL
041 ## - LANGUAGE CODE
Language code of text/sound track or separate title Kannada
082 ## - DEWEY DECIMAL CLASSIFICATION NUMBER
Classification number 370.92K MAHS
100 ## - MAIN ENTRY--PERSONAL NAME
Personal name MAHABALESHVARA RAV.
Dates associated with a name ಮಹಾಬಲೇಶ್ವರ ರಾವ್
9 (RLIN) 264950
245 ## - TITLE STATEMENT
Title Suvarnasparsha.
Remainder of title ಸುವರ್ಣಸ್ಪರ್ಶ
260 ## - PUBLICATION, DISTRIBUTION, ETC.
Place of publication, distribution, etc. Manipal.
Name of publisher, distributor, etc. Academy Of General Education.,
Date of publication, distribution, etc. 1998
300 ## - PHYSICAL DESCRIPTION
Extent 169
650 ## - SUBJECT ADDED ENTRY--TOPICAL TERM
Topical term or geographic name entry element Pai TMA
9 (RLIN) 264951
690 ## - LOCAL SUBJECT ADDED ENTRY--TOPICAL TERM (OCLC, RLIN)
Topical term or geographic name as entry element Biography
9 (RLIN) 264952
906 ## - LOCAL DATA ELEMENT F, LDF (RLIN)
a 053289
942 ## - ADDED ENTRY ELEMENTS (KOHA)
Source of classification or shelving scheme Dewey Decimal Classification
Koha item type Book
Holdings
Withdrawn status Lost status Source of classification or shelving scheme Damaged status Not for loan Collection code Home library Current library Shelving location Date acquired Source of acquisition Cost, normal purchase price Total Checkouts Full call number Barcode Date last seen Price effective from Koha item type
    Dewey Decimal Classification     Social Work St Aloysius Library St Aloysius Library   02/17/2021 Athree Book Centre, Mangalore-01. 50.00   370.92K MAHS 053289 02/17/2021 02/17/2021 Book